[Event "AUT-chT 2425"]
[Site "Austria"]
[Date "2024.10.11"]
[Round "3.6"]
[White "Schernthaner, David"]
[Black "Schachinger, Mario"]
[Result "1/2-1/2"]
[WhiteElo "2389"]
[BlackElo "2385"]
[PlyCount "62"]
[EventDate "2024.10.09"]
[EventType "team-tourn"]
[EventRounds "11"]
[EventCountry "AUT"]
[SourceTitle "CB42_2024"]
[Source "ChessBase"]
[SourceDate "2024.10.16"]
[SourceVersion "1"]
[SourceVersionDate "2024.10.16"]
[SourceQuality "1"]
[WhiteTeam "Fuerstenfeld/Hartberg"]
[BlackTeam "St Veit"]
[WhiteTeamCountry "AUT"]
[BlackTeamCountry "AUT"]

1. e4 e5 2. Nf3 Nc6 3. Bb5 a6 4. Ba4 Nf6 5. 0-0 Be7 6. Re1 b5 7. Bb3 d6 8. c3 0-0 9. h3 Nb8 10. d4 Nbd7 11. Nbd2 Bb7 12. Bc2 Re8 13. Nf1 Bf8 14. Ng3 g6 15. a4 Bg7 16. Bd3 c6 17. b3 Qc7 18. Bb2 Rad8 19. Qc2 d5 20. dxe5 Nxe4 21. Nxe4 dxe4 22. Bxe4 Nxe5 23. c4 Nxf3+ 24. Bxf3 Bxb2 25. Qxb2 c5 26. Bxb7 Qxb7 27. axb5 axb5 28. cxb5 Qxb5 29. Rxe8+ Rxe8 30. Rc1 Qb4 31. Qc3 Qxc3 1/2-1/2

[Event "Pula op 36th"]
[Site "Pula"]
[Date "2024.06.24"]
[Round "9"]
[White "Saric, Ante"]
[Black "Schachinger, Mario"]
[Result "1-0"]
[WhiteElo "2509"]
[BlackElo "2394"]
[PlyCount "113"]
[EventDate "2024.06.16"]
[EventType "swiss"]
[EventRounds "9"]
[EventCountry "CRO"]
[SourceTitle "CBM 220 Extra"]
[Source "ChessBase"]
[SourceDate "2024.07.31"]
[SourceVersion "1"]
[SourceVersionDate "2024.07.31"]
[SourceQuality "1"]

1. Nf3 Nf6 2. c4 g6 3. g3 Bg7 4. Bg2 0-0 5. 0-0 d6 6. d4 Nc6 7. Nc3 a6 8. b3 Rb8 9. d5 Na5 10. Bg5 c5 11. dxc6 Nxc6 12. Rc1 Bd7 13. Nd5 Nxd5 14. cxd5 Nb4 15. Qd2 a5 16. Bh6 Qb6 17. Be3 Qd8 18. h4 h5 19. Ng5 Na6 20. a3 b6 21. b4 axb4 22. axb4 Nc7 23. Bh3 Rb7 24. Bxd7 Qxd7 25. Rc6 e6 26. Rxc7 Rxc7 27. dxe6 fxe6 28. Bxb6 Rb7 29. Ba5 d5 30. Qd3 Rf5 31. Rd1 Qc6 32. Rd2 Bh6 33. Rc2 Qd7 34. Nf3 e5 35. Qa6 Qf7 36. Rc6 Kh7 37. Rxg6 Bc1 38. Rc6 Ra7 39. Qb6 e4 40. Nd4 Be3 41. Qxa7 Qxa7 42. Nxf5 Bxf2+ 43. Kg2 Bxg3 44. Nxg3 Qa8 45. Re6 Kg7 46. Bb6 Kf7 47. Re5 Qc6 48. Bc5 Qc8 49. Rxd5 Qb7 50. Rf5+ Ke6 51. e3 Qa8 52. Rf4 Qa2+ 53. Kh3 Qb1 54. Rxe4+ Kd5 55. Rf4 Qg6 56. Rf5+ Kc4 57. Rxh5 1-0

[Event "Pula op 36th"]
[Site "Pula"]
[Date "2024.06.20"]
[Round "5"]
[White "Kopinits, Anna Christina"]
[Black "Schachinger, Mario"]
[Result "1/2-1/2"]
[WhiteElo "2157"]
[BlackElo "2394"]
[PlyCount "75"]
[EventDate "2024.06.16"]
[EventType "swiss"]
[EventRounds "9"]
[EventCountry "CRO"]
[SourceTitle "CBM 220 Extra"]
[Source "ChessBase"]
[SourceDate "2024.07.31"]
[SourceVersion "1"]
[SourceVersionDate "2024.07.31"]
[SourceQuality "1"]

1. e4 c6 2. d4 d5 3. exd5 cxd5 4. Bf4 Nc6 5. c3 Bf5 6. Qb3 Qd7 7. Nf3 a6 8. Nbd2 e6 9. Nh4 Nge7 10. Nxf5 Nxf5 11. Bd3 Bd6 12. Bxd6 Nxd6 13. 0-0 0-0 14. Qd1 g6 15. Re1 a5 16. a4 Rae8 17. Qb3 Re7 18. Re3 Kg7 19. Rae1 Rfe8 20. Nf3 f6 21. R1e2 Nf7 22. Bb5 Qd6 23. Rd2 Rd8 24. h3 e5 25. dxe5 Nfxe5 26. Nd4 Nxd4 27. Rxd4 Nc6 28. Rxe7+ Nxe7 29. c4 Qe5 30. Qd1 b6 31. g3 g5 32. Qd2 Rd6 33. Kh2 Kf8 34. b3 Kg7 35. Ba6 Rd7 36. Bb5 Rd6 37. Ba6 Rd7 38. Bb5 1/2-1/2

[Event "Pula op 36th"]
[Site "Pula"]
[Date "2024.06.18"]
[Round "3"]
[White "Nesterenko, Kyrylo"]
[Black "Schachinger, Mario"]
[Result "1/2-1/2"]
[WhiteElo "2036"]
[BlackElo "2394"]
[PlyCount "43"]
[EventDate "2024.06.16"]
[EventType "swiss"]
[EventRounds "9"]
[EventCountry "CRO"]
[SourceTitle "CBM 220 Extra"]
[Source "ChessBase"]
[SourceDate "2024.07.31"]
[SourceVersion "1"]
[SourceVersionDate "2024.07.31"]
[SourceQuality "1"]

1. d4 Nf6 2. c4 e6 3. g3 d5 4. Bg2 Bb4+ 5. Bd2 Be7 6. Nf3 c6 7. Qc2 b6 8. 0-0 Bb7 9. Bf4 Nbd7 10. cxd5 Nxd5 11. Bd2 c5 12. e4 Nb4 13. Bxb4 cxb4 14. Qe2 0-0 15. Nbd2 Rc8 16. Rac1 Rxc1 17. Rxc1 Qb8 18. e5 Rc8 19. Rxc8+ Qxc8 20. Qc4 Qd8 21. Qc2 Nb8 22. Ng5 1/2-1/2

[Event "Pula op 36th"]
[Site "Pula"]
[Date "2024.06.17"]
[Round "2"]
[White "Schachinger, Mario"]
[Black "Platonovs, Nikolajs"]
[Result "1/2-1/2"]
[WhiteElo "2394"]
[BlackElo "2001"]
[PlyCount "54"]
[EventDate "2024.06.16"]
[EventType "swiss"]
[EventRounds "9"]
[EventCountry "CRO"]
[SourceTitle "CBM 220 Extra"]
[Source "ChessBase"]
[SourceDate "2024.07.31"]
[SourceVersion "1"]
[SourceVersionDate "2024.07.31"]
[SourceQuality "1"]

1. Nf3 Nf6 2. c4 e6 3. g3 d5 4. Bg2 d4 5. b4 c5 6. Bb2 Bd6 7. bxc5 Bxc5 8. 0-0 Nc6 9. d3 0-0 10. Nbd2 e5 11. Ng5 Qc7 12. Nge4 Nxe4 13. Nxe4 Be7 14. c5 Bf5 15. Qa4 Bxe4 16. Bxe4 Bxc5 17. Rfc1 Be7 18. Bxc6 bxc6 19. Qxc6 Qxc6 20. Rxc6 Rab8 21. Rc2 Rb7 22. Kg2 Rfb8 23. Bc1 Bb4 24. Rb1 Bc3 25. Rxb7 Rxb7 26. Bd2 Rb2 27. Rxb2 Bxb2 1/2-1/2

[Event "Bayern-chI Bank Hofmann 26th"]
[Site "Tegernsee"]
[Date "2023.11.03"]
[Round "7"]
[White "Schachinger, Mario"]
[Black "Mastrovasilis, Dimitrios"]
[Result "1/2-1/2"]
[WhiteElo "2385"]
[BlackElo "2573"]
[PlyCount "42"]
[EventDate "2023.10.28"]
[EventType "swiss"]
[EventRounds "9"]
[EventCountry "GER"]
[SourceTitle "CBM 217 Extra"]
[Source "ChessBase"]
[SourceDate "2024.01.31"]
[SourceVersion "1"]
[SourceVersionDate "2024.01.31"]
[SourceQuality "1"]

1. d4 d5 2. c4 e6 3. Nf3 Nf6 4. g3 Be7 5. Bg2 0-0 6. 0-0 c6 7. Qc2 Nbd7 8. Rd1 b6 9. Nc3 Bb7 10. b3 a5 11. Bb2 Qb8 12. e4 Nxe4 13. Nxe4 dxe4 14. Qxe4 a4 15. Ne1 Ra7 16. Qe2 Re8 17. Nd3 c5 18. Rab1 axb3 19. axb3 Bxg2 20. Kxg2 Bf8 21. Ne5 Nxe5 1/2-1/2

[Event "Bayern-chI Bank Hofmann 26th"]
[Site "Tegernsee"]
[Date "2023.11.02"]
[Round "6"]
[White "Galioglu, Cem"]
[Black "Schachinger, Mario"]
[Result "0-1"]
[WhiteElo "1921"]
[BlackElo "2385"]
[PlyCount "104"]
[EventDate "2023.10.28"]
[EventType "swiss"]
[EventRounds "9"]
[EventCountry "GER"]
[SourceTitle "CBM 217 Extra"]
[Source "ChessBase"]
[SourceDate "2024.01.31"]
[SourceVersion "1"]
[SourceVersionDate "2024.01.31"]
[SourceQuality "1"]

1. e4 e5 2. Nf3 Nc6 3. Bb5 a6 4. Bxc6 dxc6 5. 0-0 f6 6. d4 exd4 7. Nxd4 c5 8. Ne2 Qxd1 9. Rxd1 Bd7 10. Nbc3 0-0-0 11. Bf4 Ne7 12. f3 Re8 13. Rd2 Be6 14. Rad1 b6 15. a4 h5 16. Kf2 g5 17. Be3 Nc6 18. Nd5 Bxd5 19. Rxd5 Bd6 20. Rxd6 cxd6 21. Rxd6 Kb7 22. Rxf6 g4 23. Nf4 Ref8 24. Re6 gxf3 25. gxf3 Re8 26. Rg6 Rhf8 27. Ke2 Rg8 28. Rh6 Rh8 29. Rd6 Rd8 30. Rf6 Rdf8 31. Rxc6 Kxc6 32. Ng6 b5 33. axb5+ axb5 34. Nxh8 Rxh8 35. f4 Ra8 36. f5 Ra2 37. Bc1 c4 38. c3 b4 39. Kd2 b3 40. Ke2 Kd6 41. Kf3 Ke5 42. h4 Kd6 43. Bf4+ Ke7 44. Bc1 Kd6 45. Bf4+ Kd7 46. Bc1 Ra1 47. Be3 Rf1+ 48. Kg3 Ke8 49. Bc5 Rb1 50. e5 Rxb2 51. Kf3 Ra2 52. e6 Ra6 0-1

[Event "Bayern-chI Bank Hofmann 26th"]
[Site "Tegernsee"]
[Date "2023.11.01"]
[Round "5"]
[White "Schachinger, Mario"]
[Black "Boehmer, Christian"]
[Result "1-0"]
[WhiteElo "2385"]
[BlackElo "2178"]
[PlyCount "51"]
[EventDate "2023.10.28"]
[EventType "swiss"]
[EventRounds "9"]
[EventCountry "GER"]
[SourceTitle "CBM 217 Extra"]
[Source "ChessBase"]
[SourceDate "2024.01.31"]
[SourceVersion "1"]
[SourceVersionDate "2024.01.31"]
[SourceQuality "1"]

1. d4 d5 2. c4 e6 3. Nc3 c6 4. e4 dxe4 5. Nxe4 Bb4+ 6. Bd2 Qxd4 7. Bxb4 Qxe4+ 8. Be2 Na6 9. Bc3 Ne7 10. Nf3 0-0 11. 0-0 f6 12. Qd2 c5 13. a3 Nc6 14. Bd3 Qg4 15. b4 cxb4 16. axb4 Rd8 17. Rfb1 e5 18. Qc2 Rxd3 19. Qxd3 Bf5 20. Qd5+ Be6 21. Qd2 Rd8 22. Qe1 Ne7 23. Rd1 Rxd1 24. Rxd1 Bxc4 25. Bxe5 Bd5 26. Bxf6 1-0

[Event "Bayern-chI Bank Hofmann 26th"]
[Site "Tegernsee"]
[Date "2023.10.30"]
[Round "3"]
[White "Schachinger, Mario"]
[Black "Cordts, Ingo"]
[Result "1-0"]
[WhiteElo "2385"]
[BlackElo "2242"]
[PlyCount "89"]
[EventDate "2023.10.28"]
[EventType "swiss"]
[EventRounds "9"]
[EventCountry "GER"]
[SourceTitle "CBM 217 Extra"]
[Source "ChessBase"]
[SourceDate "2024.01.31"]
[SourceVersion "1"]
[SourceVersionDate "2024.01.31"]
[SourceQuality "1"]

1. d4 d5 2. c4 e6 3. Nf3 Nf6 4. g3 dxc4 5. Bg2 Bd7 6. Ne5 Bc6 7. Nxc6 Nxc6 8. 0-0 Qd7 9. e3 Rb8 10. Qe2 b5 11. b3 cxb3 12. axb3 Bb4 13. Ra6 Ne7 14. Rxa7 Qd6 15. Bb2 Qb6 16. Ra1 0-0 17. Nd2 Rfd8 18. Nf3 Nd7 19. Rfc1 c5 20. Ng5 h6 21. Ne4 f5 22. Nxc5 Nxc5 23. dxc5 Bxc5 24. b4 Bxb4 25. Bd4 Qd6 26. Qb2 Rbc8 27. Rcb1 Bc5 28. Bxg7 Kh7 29. Be5 Qd2 30. Qb3 Qd7 31. Rd1 Nd5 32. Rd3 Bb6 33. Rad1 Rc4 34. Qb1 Qc6 35. R3d2 Ba5 36. Bxd5 Rxd5 37. Rxd5 exd5 38. Qxf5+ Kg8 39. Bf6 Qe8 40. Qxd5+ Kf8 41. Qf5 Kg8 42. Rd5 Bb6 43. Rxb5 Rc1+ 44. Kg2 Qc6+ 45. Rd5 1-0

[Event "Bayern-chI Bank Hofmann 26th"]
[Site "Tegernsee"]
[Date "2023.10.29"]
[Round "2"]
[White "Schleicher, Guido"]
[Black "Schachinger, Mario"]
[Result "0-1"]
[WhiteElo "2154"]
[BlackElo "2385"]
[PlyCount "66"]
[EventDate "2023.10.28"]
[EventType "swiss"]
[EventRounds "9"]
[EventCountry "GER"]
[SourceTitle "CBM 217 Extra"]
[Source "ChessBase"]
[SourceDate "2024.01.31"]
[SourceVersion "1"]
[SourceVersionDate "2024.01.31"]
[SourceQuality "1"]

1. e4 c5 2. Nf3 d6 3. d4 cxd4 4. Nxd4 Nf6 5. Nc3 a6 6. Bg5 Nbd7 7. f4 h6 8. Bh4 g6 9. Qe2 e5 10. fxe5 dxe5 11. Nb3 Bb4 12. 0-0-0 Bxc3 13. bxc3 Qc7 14. Qf3 g5 15. Bg3 Qc6 16. Rd5 Nxd5 17. exd5 Qd6 18. c4 Qa3+ 19. Kb1 a5 20. Qe4 Qe7 21. c5 a4 22. d6 Qf6 23. Bb5 axb3 24. Rf1 bxc2+ 25. Kc1 Qe6 26. Bc4 Ra4 27. Bxe6 Rxe4 28. Rxf7 Rf8 29. Re7+ Kd8 30. Kxc2 Re8 31. Bf5 Rc4+ 32. Kb3 Rxc5 33. Rh7 Nf8 0-1

[Event "AUT-ch Zwisch Internet"]
[Site "Playchess.com INT"]
[Date "2020.05.02"]
[Round "9"]
[White "Schachinger, Mario"]
[Black "Neubauer, Martin"]
[Result "1/2-1/2"]
[WhiteElo "2394"]
[BlackElo "2421"]
[PlyCount "70"]
[EventDate "2020.05.02"]
[EventType "swiss (blitz)"]
[EventRounds "13"]
[EventCountry "AUT"]
[SourceTitle "CBM 195 Extra"]
[Source "ChessBase"]
[SourceDate "2020.05.31"]
[SourceVersion "1"]
[SourceVersionDate "2020.05.31"]
[SourceQuality "1"]

1. d4 d5 2. c4 e6 3. Nc3 Nf6 4. Bg5 Be7 5. e3 Nbd7 6. Rc1 h6 7. Bh4 0-0 8. Nf3 c5 9. a3 dxc4 10. Bxc4 a6 11. dxc5 Nxc5 12. Qxd8 Rxd8 13. b4 Nd3+ 14. Bxd3 Rxd3 15. Ke2 Rd8 16. Rhd1 Bd7 17. Ne5 Be8 18. Nd3 Rac8 19. Bxf6 gxf6 20. Ne4 Bb5 21. Rxc8 Rxc8 22. Kd2 f5 23. Nec5 b6 24. Nb3 Bf6 25. Nd4 Bxd4 26. exd4 Bxd3 27. Kxd3 Kg7 28. Re1 Kf6 29. g3 h5 30. h4 Rc7 31. Kd2 Rc4 32. Kd3 Rc7 33. Kd2 Rc4 34. Kd3 Rc8 35. Kd2 Rc4 1/2-1/2

[Event "Steyr Landesliga 1920"]
[Site "Austria"]
[Date "2020.02.08"]
[Round "8.1"]
[White "Schachinger, Mario"]
[Black "Kopinits, Anna Christina"]
[Result "1-0"]
[WhiteElo "2401"]
[BlackElo "2250"]
[PlyCount "59"]
[EventDate "2019.09.28"]
[EventType "team-tourn"]
[EventRounds "11"]
[EventCountry "AUT"]
[SourceTitle "CBM 195 Extra"]
[Source "ChessBase"]
[SourceDate "2020.05.31"]
[SourceVersion "1"]
[SourceVersionDate "2020.05.31"]
[SourceQuality "1"]
[WhiteTeam "Gratwein Strassengel"]
[BlackTeam "Graz Schachgesellschaft"]
[WhiteTeamCountry "AUT"]
[BlackTeamCountry "AUT"]

1. d4 d5 2. c4 e6 3. Nc3 a6 4. cxd5 exd5 5. Bf4 Nf6 6. e3 Bd6 7. Bxd6 Qxd6 8. Bd3 Bg4 9. Nge2 0-0 10. Qc2 Bxe2 11. Nxe2 Qb4+ 12. Qc3 Qe7 13. 0-0 Ne8 14. b4 Nd6 15. a4 Nd7 16. Qxc7 Rfc8 17. Qa5 Nf6 18. Nf4 b5 19. axb5 g5 20. Ne2 axb5 21. Qxa8 Rxa8 22. Rxa8+ Kg7 23. Ng3 h5 24. Rfa1 h4 25. R1a7 Qe6 26. Nf1 h3 27. Ng3 hxg2 28. Ra6 Qg4 29. Be2 Qh3 30. Rxd6 1-0

[Event "Steyr Landesliga 1920"]
[Site "Austria"]
[Date "2019.11.23"]
[Round "5.1"]
[White "Osmanbegovic, Suad"]
[Black "Schachinger, Mario"]
[Result "0-1"]
[WhiteElo "2321"]
[BlackElo "2401"]
[PlyCount "62"]
[EventDate "2019.09.28"]
[EventType "team-tourn"]
[EventRounds "11"]
[EventCountry "AUT"]
[SourceTitle "CBM 193 Extra"]
[Source "ChessBase"]
[SourceDate "2020.01.31"]
[SourceVersion "1"]
[SourceVersionDate "2020.01.31"]
[SourceQuality "1"]
[WhiteTeam "Baernbach"]
[BlackTeam "Gratwein Strassengel"]
[WhiteTeamCountry "AUT"]
[BlackTeamCountry "AUT"]

1. c4 e5 2. Nc3 Nc6 3. g3 f5 4. Bg2 Nf6 5. d3 Bb4 6. Nf3 d6 7. 0-0 Bxc3 8. bxc3 0-0 9. Rb1 Qe8 10. Ne1 Qh5 11. f4 Re8 12. Nf3 e4 13. Nd4 Nxd4 14. cxd4 b6 15. e3 Qxd1 16. Rxd1 Ba6 17. dxe4 Nxe4 18. Bxe4 fxe4 19. Rb4 c5 20. dxc5 dxc5 21. Ra4 Bc8 22. Kf2 Be6 23. Ke1 a5 24. Rd6 Rab8 25. Bd2 Kf7 26. Bc3 Red8 27. Be5 Rxd6 28. Bxd6 Rb7 29. Be5 Rd7 30. g4 Rd3 31. Kf2 Bd7 0-1

[Event "AUT-chT2M 1920"]
[Site "Austria"]
[Date "2019.11.09"]
[Round "5.2"]
[White "Gajek, Radoslaw"]
[Black "Schachinger, Mario"]
[Result "1/2-1/2"]
[WhiteElo "2422"]
[BlackElo "2402"]
[PlyCount "119"]
[EventDate "2019.10.11"]
[EventType "team-tourn"]
[EventRounds "11"]
[EventCountry "AUT"]
[SourceTitle "CBM 192 Extra"]
[Source "Chessbase"]
[SourceDate "2019.11.06"]
[SourceVersion "1"]
[SourceVersionDate "2019.11.06"]
[SourceQuality "1"]
[WhiteTeam "Graz Schachfreunde"]
[BlackTeam "Frauental"]
[WhiteTeamCountry "AUT"]
[BlackTeamCountry "AUT"]

1. c4 Nf6 2. Nc3 g6 3. e4 d6 4. d4 Bg7 5. f3 0-0 6. Be3 c5 7. dxc5 dxc5 8. Qxd8 Rxd8 9. Bxc5 Nc6 10. Nge2 b6 11. Ba3 Bb7 12. Nd5 Nd7 13. Nxe7+ Nxe7 14. Bxe7 Rdc8 15. Rd1 Ne5 16. b3 a6 17. Ng3 Nc6 18. Bg5 Nb4 19. Bd3 Nxa2 20. Ne2 Nb4 21. Bb1 b5 22. cxb5 axb5 23. 0-0 h6 24. Be7 Nc6 25. Bc5 Na5 26. b4 Nb3 27. Bf2 Rc4 28. Bd3 Rxb4 29. Be1 Rba4 30. Bxb5 Ra1 31. Bc3 Rxd1 32. Rxd1 Ba6 33. Bxa6 Rxa6 34. Rd8+ Kh7 35. e5 Nc5 36. g4 Ne6 37. Rd7 Kg8 38. f4 Ra4 39. Bd2 g5 40. f5 Rxg4+ 41. Kf2 Nf8 42. Rd5 Rh4 43. f6 Rxh2+ 44. Kf1 Ne6 45. fxg7 Kxg7 46. Nd4 Nxd4 47. Rxd4 Kg6 48. Bc3 Rc2 49. Rd3 Kf5 50. Bd4 Ke4 51. Rd1 h5 52. Kg1 h4 53. e6 fxe6 54. Bf6 Kf5 55. Rf1+ Kg4 56. Re1 Kf5 57. Bxg5 Kxg5 58. Rxe6 h3 59. Re3 h2+ 60. Kh1 1/2-1/2

[Event "AUT-chT2M 1819"]
[Site "Austria"]
[Date "2019.03.01"]
[Round "9.2"]
[White "Nemeth, Miklos"]
[Black "Schachinger, Mario"]
[Result "1/2-1/2"]
[WhiteElo "2474"]
[BlackElo "2406"]
[PlyCount "60"]
[EventDate "2018.10.19"]
[EventType "team-tourn"]
[EventRounds "11"]
[EventCountry "AUT"]
[SourceTitle "CBM 189 Extra"]
[Source "ChessBase"]
[SourceDate "2019.05.31"]
[SourceVersion "1"]
[SourceVersionDate "2019.05.31"]
[SourceQuality "1"]
[WhiteTeam "Steyregg"]
[BlackTeam "Frauental"]
[WhiteTeamCountry "AUT"]
[BlackTeamCountry "AUT"]

1. e4 c5 2. Nf3 e6 3. d4 cxd4 4. Nxd4 Nf6 5. Nc3 Nc6 6. Ndb5 Bc5 7. Bf4 0-0 8. Bd6 Bxd6 9. Nxd6 a6 10. Qd2 Ne8 11. 0-0-0 Nxd6 12. Qxd6 b5 13. f4 Qa5 14. Kb1 Bb7 15. Bd3 b4 16. Ne2 Rac8 17. Nc1 Qc7 18. Be2 Nb8 19. Qxc7 Rxc7 20. Rd4 Nc6 21. Rd6 Nb8 22. Bd3 Rc6 23. Rd4 Rb6 24. Re1 d5 25. exd5 Bxd5 26. Be4 Nc6 27. Rd2 Ne7 28. Rd4 g6 29. Bxd5 Nxd5 30. Nd3 Rc8 1/2-1/2

[Event "AUT-chT2M 1819"]
[Site "Austria"]
[Date "2019.01.19"]
[Round "7.1"]
[White "Schachinger, Mario"]
[Black "Leisch, Lukas"]
[Result "1/2-1/2"]
[WhiteElo "2390"]
[BlackElo "2241"]
[PlyCount "118"]
[EventDate "2018.10.19"]
[EventType "team-tourn"]
[EventRounds "11"]
[EventCountry "AUT"]
[SourceTitle "CBM 189 Extra"]
[Source "ChessBase"]
[SourceDate "2019.05.31"]
[SourceVersion "1"]
[SourceVersionDate "2019.05.31"]
[SourceQuality "1"]
[WhiteTeam "Frauental"]
[BlackTeam "Freistadt/Wartberg"]
[WhiteTeamCountry "AUT"]
[BlackTeamCountry "AUT"]

1. c4 Nf6 2. Nc3 e6 3. e4 d5 4. e5 d4 5. exf6 dxc3 6. bxc3 Qxf6 7. d4 b6 8. Be2 Bb7 9. Bf3 Bxf3 10. Nxf3 Bd6 11. Qa4+ c6 12. 0-0 0-0 13. Rb1 Qd8 14. Rd1 Qc7 15. c5 bxc5 16. dxc5 Bxc5 17. Bf4 Qc8 18. Qc4 Be7 19. Bd6 Bxd6 20. Rxd6 Rd8 21. Rbd1 Rxd6 22. Rxd6 Nd7 23. Qxc6 Qxc6 24. Rxc6 Kf8 25. Kf1 Ke7 26. Nd4 Ne5 27. Ra6 Kd7 28. Ke2 Kc7 29. f4 Ng6 30. g3 e5 31. fxe5 Nxe5 32. Nf3 Nxf3 33. Kxf3 Kb7 34. Ra4 Re8 35. Rb4+ Kc6 36. Rc4+ Kb6 37. Rh4 h6 38. Rg4 g6 39. Rb4+ Kc6 40. Rc4+ Kb6 41. Rb4+ Kc6 42. Rf4 Re7 43. g4 Kc5 44. h4 Re1 45. Kf2 Re7 46. Rf6 Kc4 47. h5 gxh5 48. gxh5 Re6 49. Rxf7 Kxc3 50. Rxa7 Re5 51. Ra3+ Kb2 52. Rh3 Kxa2 53. Kg3 Re3+ 54. Kg4 Rxh3 55. Kxh3 Kb3 56. Kg4 Kc4 57. Kf5 Kd5 58. Kg6 Ke6 59. Kxh6 Kf6 1/2-1/2

[Event "AUT-chT2M 1819"]
[Site "Austria"]
[Date "2018.10.21"]
[Round "3.1"]
[White "Schachinger, Mario"]
[Black "Heinemann, Thies"]
[Result "1/2-1/2"]
[WhiteElo "2396"]
[BlackElo "2515"]
[PlyCount "154"]
[EventDate "2018.10.19"]
[EventType "team-tourn"]
[EventRounds "11"]
[EventCountry "AUT"]
[SourceTitle "CBM 187 Extra"]
[Source "ChessBase"]
[SourceDate "2018.11.04"]
[SourceVersion "1"]
[SourceVersionDate "2018.11.04"]
[SourceQuality "1"]
[WhiteTeam "Frauental"]
[BlackTeam "Gleisdorf"]
[WhiteTeamCountry "AUT"]
[BlackTeamCountry "AUT"]

1. d4 Nf6 2. c4 e6 3. Nc3 Bb4 4. e3 b6 5. Nge2 c5 6. a3 Ba5 7. Rb1 Na6 8. g3 Bb7 9. d5 exd5 10. Bg2 Rb8 11. cxd5 b5 12. 0-0 Bc8 13. b4 cxb4 14. axb4 Bxb4 15. Qd4 Qc7 16. d6 Qxd6 17. Nxb5 Qxd4 18. Nexd4 0-0 19. e4 Bc5 20. Bf4 Rb6 21. e5 Ne8 22. Be3 Nac7 23. Nxc7 Nxc7 24. Rbc1 d6 25. exd6 Bxd6 26. Nc6 Rb3 27. Na5 Rb5 28. Nc4 Be7 29. Bc6 Rb4 30. Rfe1 Be6 31. Ne5 Nb5 32. Nd3 Rb3 33. Bc5 Bxc5 34. Nxc5 Nd4 35. Nxb3 Nxb3 36. Rcd1 Nc5 37. Bd5 Bxd5 38. Rxd5 Ne6 39. Ra1 a6 40. Rd6 h5 41. Rdxa6 g6 42. f4 Kg7 43. Ra8 Rxa8 44. Rxa8 h4 45. Kf2 hxg3+ 46. hxg3 f5 47. Ke3 Kf7 48. Ra7+ Kf6 49. Ra6 Ke7 50. Rb6 Kf7 51. Kd3 Nf8 52. Kd4 Nd7 53. Ra6 Nf6 54. Ra7+ Kf8 55. Ke5 Ng4+ 56. Ke6 Kg8 57. Ra8+ Kg7 58. Rb8 Nf2 59. Rb7+ Kh6 60. Kf7 Kh5 61. Rb6 g5 62. Rb4 Ne4 63. Rb3 gxf4 64. gxf4 Kg4 65. Kg6 Kxf4 66. Rb5 Ng3 67. Rb4+ Ne4 68. Ra4 Kg4 69. Rd4 Kf4 70. Rb4 Kg4 71. Kf7 f4 72. Rxe4 Kg3 73. Kf6 f3 74. Kf5 f2 75. Rg4+ Kh2 76. Rf4 Kg2 77. Rxf2+ Kxf2 1/2-1/2

[Event "Steyr Landesliga 1718"]
[Site "Austria"]
[Date "2018.02.03"]
[Round "8.2"]
[White "Schachinger, Mario"]
[Black "Kreisl, Robert"]
[Result "1-0"]
[WhiteElo "2398"]
[BlackElo "2427"]
[PlyCount "69"]
[EventDate "2017.09.30"]
[EventType "team-tourn"]
[EventRounds "11"]
[EventCountry "AUT"]
[SourceTitle "EXT 2019"]
[Source "ChessBase"]
[SourceDate "2018.10.10"]
[SourceVersion "1"]
[SourceVersionDate "2018.10.10"]
[SourceQuality "1"]
[WhiteTeam "Leibnitz"]
[BlackTeam "Gamlitz"]
[WhiteTeamCountry "AUT"]
[BlackTeamCountry "AUT"]

1. c4 e6 2. d4 Nf6 3. Nc3 d5 4. Bg5 Be7 5. e3 h6 6. Bh4 Nbd7 7. Nf3 0-0 8. Rc1 c5 9. cxd5 Nxd5 10. Bxe7 Nxe7 11. dxc5 Nxc5 12. Qxd8 Rxd8 13. Ne5 f6 14. b4 Nd7 15. Nc4 Nc6 16. a3 Nde5 17. f4 Nd3+ 18. Bxd3 Rxd3 19. Ke2 Rd8 20. b5 Ne7 21. Rhd1 Bd7 22. Nd6 a6 23. Nxb7 Bxb5+ 24. Nxb5 Rxd1 25. Rxd1 axb5 26. Rd8+ Rxd8 27. Nxd8 Nd5 28. Kd3 b4 29. a4 b3 30. a5 Nxe3 31. Kc3 b2 32. Kxb2 Nc4+ 33. Kb3 Nxa5+ 34. Kb4 e5 35. fxe5 1-0

[Event "Steyr Landesliga 1718"]
[Site "Austria"]
[Date "2017.10.21"]
[Round "3.2"]
[White "Schachinger, Mario"]
[Black "Kiss, Attila"]
[Result "1/2-1/2"]
[WhiteElo "2398"]
[BlackElo "2357"]
[PlyCount "136"]
[EventDate "2017.09.30"]
[EventType "team-tourn"]
[EventRounds "11"]
[EventCountry "AUT"]
[SourceTitle "CBM 181 Extra"]
[Source "ChessBase"]
[SourceDate "2017.12.12"]
[SourceVersion "1"]
[SourceVersionDate "2017.12.12"]
[SourceQuality "1"]
[WhiteTeam "Leibnitz"]
[BlackTeam "Fuerstenfeld/Hartberg II"]
[WhiteTeamCountry "AUT"]
[BlackTeamCountry "AUT"]

1. d4 d5 2. c4 e6 3. Nc3 Nf6 4. Bg5 c6 5. e3 Nbd7 6. cxd5 exd5 7. Bd3 Be7 8. Nf3 0-0 9. Qc2 Re8 10. 0-0 Nf8 11. Ne5 Ng4 12. Bxe7 Qxe7 13. Nxg4 Bxg4 14. Rae1 Qd6 15. f3 Bh5 16. f4 Re7 17. Qf2 f6 18. e4 dxe4 19. Nxe4 Qc7 20. Re3 Rae8 21. Qh4 f5 22. Ng5 Bg6 23. Re5 Qd7 24. Bc4+ Kh8 25. Qf2 b5 26. Bb3 a5 27. a3 a4 28. Ba2 Rxe5 29. dxe5 h6 30. e6 Qc7 31. Nf7+ Kh7 32. Qh4 Qe7 33. Qh3 c5 34. Ne5 c4 35. Nxg6 Qc5+ 36. Kh1 Nxg6 37. Bb1 Ne7 38. Rd1 Rf8 39. Qf3 Rf6 40. Re1 Qd6 41. Qe3 Rf8 42. h4 h5 43. Qe5 Qd2 44. Kh2 Qf2 45. Rd1 Rf6 46. Qe1 Qxb2 47. Rd2 Qc3 48. Qe2 Kg6 49. Rd7 Qxa3 50. g4 Qc1 51. gxh5+ Kh6 52. Rxe7 Qxf4+ 53. Kg2 Qxh4 54. Re8 f4 55. Rh8+ Kg5 56. Qe5+ Kg4 57. Be4 Qh3+ 58. Kg1 Qe3+ 59. Kf1 a3 60. Rg8 Qc1+ 61. Kf2 Qd2+ 62. Kg1 Qe1+ 63. Kh2 Qg3+ 64. Kh1 Qe1+ 65. Kh2 Qe2+ 66. Kh1 Qf1+ 67. Kh2 Qe2+ 68. Kh1 Qe1+ 1/2-1/2

[Event "AUT-ch"]
[Site "Graz"]
[Date "2017.08.18"]
[Round "7"]
[White "Schachinger, Mario"]
[Black "Khalakhan, Jurij"]
[Result "1-0"]
[WhiteElo "2420"]
[BlackElo "2254"]
[PlyCount "43"]
[EventDate "2017.08.12"]
[EventType "swiss"]
[EventRounds "9"]
[EventCountry "AUT"]
[SourceTitle "CBM 180 Extra"]
[Source "ChessBase"]
[SourceDate "2017.10.06"]
[SourceVersion "1"]
[SourceVersionDate "2017.10.06"]
[SourceQuality "1"]

1. Nf3 f5 2. g3 Nf6 3. Bg2 g6 4. d4 Bg7 5. Nc3 d6 6. Qd3 c6 7. Bg5 b5 8. a3 0-0 9. 0-0 Nbd7 10. e4 fxe4 11. Nxe4 Nb6 12. Rae1 Bf5 13. Nh4 Bxe4 14. Bxe4 Nxe4 15. Rxe4 Nd5 16. Rfe1 Bf6 17. Bxf6 exf6 18. Nxg6 hxg6 19. Rg4 g5 20. Qg6+ Kh8 21. Ree4 Rg8 22. Qh6# 1-0